Представление документа в формате RUSMARC

ПолеНазваниеЗначение
  Тип записи a
  Библиографический уровень a
001 Контрольный номер RU/CBS_Ul/BASE/451480661
005 Дата корректировки 20240209175103.9
100 Данные общей обработки __
a Данные общей обработки 20140422d2014 ||| 0rusy0179 ca
101 Язык документа 0_
a Язык текста rus
102 Страна публикации __
a Страна публикации RU
105 Кодированные данные (монография) __
a Кодированные данные (монография) y###||||000|y
200 Заглавие и сведения об ответственности 1_
a Заглавие Последний летописец села Архангельское
b Общее обозначение материала Текст
e Сведения, относящиеся к заглавию [филолог Д. И. Алексеев (1918-1988) доктор филологических наук, профессор Куйбышевского педагогического института, работал директором Архангельской сельской школы]
f Первые сведения об ответственности Е. Бурдин
300 Общие примечания __
a Общие примечания Ограничения по возрасту 12 +
461 Уровень набора _0
1 2000
a Мономах
463 Уровень физической единицы _0
1 001RU/CBS_Ul/BASE/451478501
1 2000
a №2
v С. 32
1 210
d 2014
600 Персоналии __
a Персоналии (Фамилия) Алексеев
b Персоналии (Имя, инициалы) Д. И.
606 Тематические рубрики __
a Основная рубрика Архангельское, село (Ульяновская область) - История
y Географическая подрубрика Архангельское, село (Чердаклинский район ; Ульяновская область)
y Географическая подрубрика Куйбышевское водохранилище (Волга, река)
610 Ключевые слова 0_
a Ключевые слова Архангельская сельская школа
a Ключевые слова краеведы
a Ключевые слова сёла
a Ключевые слова населённые пункты
a Ключевые слова зоны затопления Куйбышевской ГЭС
686 Индексы других классификаций __
a Классификационный индекс 63.3(2Рос)
2 Код системы ББК
700 Автор _1
a Фамилия Бурдин
b Имя (инициалы) Е.
801 Источник записи _0
a Страна RU
b Организация МБУК ЦБС г. Ульяновска
c Дата составления 20140422
g Правила каталогизации RCR
801 Источник записи _1
a Страна RU
b Организация МБУК ЦБС г. Ульяновска
c Дата составления 20140422
g Правила каталогизации RCR
900 Электронные ресурсы __
a Имя электронного ресурса Последний летописец села Архангельское
901 Тип документа __
t Тип документа b
w Контрольный № источника RU/CBS_Ul/BASE/451478501
910 Корректоры записи __
a Корректор записи Нецеевский
938 Служебная информация __
a Имя БД kraeved